000 00573nam a2200193 i 4500
001 93922
003 ES-MaACL
005 20240418063112.0
007 t|
008 050422s1961 sp ||||1| spa d
100 1 _aLópez Pacheco, Jesús,
_d1930-1997
_973855
245 1 0 _aCanciones del amor prohibido /
_cJesús López Pacheco.
260 _aBarcelona :
_bSeix Barral,
_c1961.
300 _a79 p. ;
_c18 cm.
490 1 _aColección Colliure
830 0 _aColección Colliure
_9182303
852 _aES-MaACL
_jC-21102
_bR.49590
999 _c93922
_d93922